00649nam a22002057a 450000500170000001000130001702000220003003500130005203700160006504000120008108200170009324501090011025000220021926000450024127000700028630000250035665000140038165000280039570000200042320170124110223.0 aA-799484 c40.00a8186224998 aA-799484 bCen Lib/Ret aDPLbEN a371.271bGUP aR Gupta's directory of competitive exams held in India :cedited by Anjali A. GuptabJob Opportunities / a6th ed rev. enl.  aNew DelhibRamesh Publishing Housec1997 a12-H, New Daryaganj Road, Opp. Traffic KotwalibNew Delhie110002 aviii,223p.c21cm(Hb) aEducation aEducation--Examinations aGupta, Anjali A